[Event "IND-ch U18 Girls"]
[Site "Pollachi"]
[Date "2022.04.21"]
[Round "7"]
[White "Sindhusree, K."]
[Black "Shreshtha, Surai"]
[Result "1-0"]
[WhiteElo "1458"]
[BlackElo "1819"]
[PlyCount "69"]
[EventDate "2022.04.18"]
[EventType "swiss"]
[EventRounds "11"]
[EventCountry "IND"]
[SourceTitle "CBM 208 Extra"]
[Source "ChessBase"]
[SourceDate "2022.07.31"]
[SourceVersion "1"]
[SourceVersionDate "2022.07.31"]
[SourceQuality "1"]

1. d4 Nf6 2. c4 e6 3. Nf3 d5 4. Bg5 Be7 5. Nc3 h6 6. Bh4 0-0 7. e3 b6 8. cxd5 Nxd5 9. Bxe7 Qxe7 10. Nxd5 exd5 11. Rc1 Ba6 12. Bxa6 Nxa6 13. a3 Rfd8 14. Ne5 Nb8 15. b4 a5 16. 0-0 Ra7 17. Qb3 axb4 18. axb4 f6 19. Nd3 Qd6 20. e4 Nc6 21. e5 fxe5 22. Rxc6 Qxc6 23. Nxe5 Qe6 24. f4 Rda8 25. f5 Qd6 26. f6 Ra1 27. f7+ Kf8 28. Qf3 Rxf1+ 29. Qxf1 g6 30. h4 h5 31. g4 hxg4 32. h5 gxh5 33. Qf5 Rd8 34. Qh7 Ke7 35. f8Q+ 1-0

[Event "BAN-chT 1st League"]
[Site "Dhaka"]
[Date "2022.03.17"]
[Round "8.4"]
[White "Shreshtha, Surai"]
[Black "Md Jamal, Uddin"]
[Result "0-1"]
[WhiteElo "1669"]
[BlackElo "2082"]
[PlyCount "68"]
[EventDate "2022.03.10"]
[EventType "team-tourn"]
[EventRounds "11"]
[EventCountry "BAN"]
[SourceTitle "EXT 2023"]
[Source "ChessBase"]
[SourceDate "2022.10.05"]
[SourceVersion "1"]
[SourceVersionDate "2022.10.05"]
[SourceQuality "1"]
[WhiteTeam "Access"]
[BlackTeam "Sultana Kamal Smirity Pathagar"]
[WhiteTeamCountry "BAN"]
[BlackTeamCountry "BAN"]

1. e4 c5 2. Nf3 Nc6 3. d4 cxd4 4. Nxd4 Qb6 5. Nb3 Nf6 6. Nc3 e6 7. Be3 Qc7 8. f3 a6 9. a3 b5 10. Be2 d6 11. Qd2 Bb7 12. Rd1 Be7 13. Bf4 Rd8 14. 0-0 0-0 15. Bg3 Ne5 16. Bxe5 dxe5 17. Qe3 Nd7 18. Kh1 Nb6 19. g3 f5 20. Bd3 Nc4 21. Bxc4 bxc4 22. Nd2 Rd4 23. Ne2 Rd7 24. Qc3 Rfd8 25. exf5 Bg5 26. b3 Rxd2 27. Rxd2 Bxd2 28. Qxc4 Qxc4 29. bxc4 exf5 30. Kg2 e4 31. Ng1 Be3 32. fxe4 Bxe4+ 33. Kh3 Rd2 34. Nf3 Rxc2 0-1

[Event "BAN-chT 1st League"]
[Site "Dhaka"]
[Date "2022.03.16"]
[Round "7.4"]
[White "Mollah, Istiak Ahmed"]
[Black "Shreshtha, Surai"]
[Result "1/2-1/2"]
[WhiteElo "1885"]
[BlackElo "1669"]
[PlyCount "96"]
[EventDate "2022.03.10"]
[EventType "team-tourn"]
[EventRounds "11"]
[EventCountry "BAN"]
[SourceTitle "EXT 2023"]
[Source "ChessBase"]
[SourceDate "2022.10.05"]
[SourceVersion "1"]
[SourceVersionDate "2022.10.05"]
[SourceQuality "1"]
[WhiteTeam "Kasparov CC"]
[BlackTeam "Access"]
[WhiteTeamCountry "BAN"]
[BlackTeamCountry "BAN"]

1. b4 d5 2. Bb2 Nf6 3. e3 Bf5 4. Nf3 Nbd7 5. c4 dxc4 6. Bxc4 e6 7. a3 c5 8. bxc5 Bxc5 9. d4 Bd6 10. Nbd2 0-0 11. 0-0 Nb6 12. Ba2 Rc8 13. Rc1 Qe7 14. Qb3 Ne4 15. Bb1 Nxd2 16. Nxd2 Bxb1 17. Nxb1 h6 18. Nd2 Qd7 19. Ne4 Be7 20. Nc3 Nc4 21. Rfd1 Nxb2 22. Qxb2 Rc6 23. a4 Rfc8 24. g3 Qc7 25. Na2 Qd7 26. Nc3 Qc7 27. Na2 Rxc1 28. Rxc1 Qd7 29. Rxc8+ Qxc8 30. Qc1 Qxc1+ 31. Nxc1 Kf8 32. Kf1 Ke8 33. Ke2 Kd7 34. Kd3 Kc6 35. Kc4 b6 36. Nd3 Bd6 37. e4 a6 38. d5+ exd5+ 39. exd5+ Kd7 40. f4 f6 41. f5 h5 42. Nf2 h4 43. Ne4 hxg3 44. hxg3 Kc7 45. g4 Bf4 46. Nc3 Kd6 47. Ne4+ Ke5 48. Nf2 Kd6 1/2-1/2

[Event "Dhaka Saarc (Women) op 1st"]
[Site "Dhaka"]
[Date "2019.12.03"]
[Round "9"]
[White "Wadifa, Ahmed"]
[Black "Shreshtha, Surai"]
[Result "1/2-1/2"]
[WhiteElo "1467"]
[BlackElo "1141"]
[PlyCount "48"]
[EventDate "2019.11.25"]
[EventType "swiss"]
[EventRounds "9"]
[EventCountry "BAN"]
[SourceTitle "CBM 193 Extra"]
[Source "ChessBase"]
[SourceDate "2020.01.31"]
[SourceVersion "1"]
[SourceVersionDate "2020.01.31"]
[SourceQuality "1"]

1. e4 c5 2. Nf3 d6 3. d4 cxd4 4. Nxd4 Nf6 5. Nc3 a6 6. f3 e5 7. Nb3 Be6 8. Be3 Be7 9. Qd2 Nbd7 10. 0-0-0 Qc7 11. g4 b5 12. g5 Nh5 13. Kb1 Nb6 14. Nd5 Nxd5 15. exd5 Bf5 16. Bd3 Bxd3 17. Qxd3 g6 18. Rhe1 Ng7 19. f4 exf4 20. Bxf4 0-0 21. Nd4 Qd7 22. a3 Rfe8 23. Re2 Nh5 24. Bd2 Qg4 1/2-1/2